000 00378nam a22001217a 4500
040 _cRUA
082 _aANN OUK 2016 A.126 Or.1
100 _aOUK MAKARA, អ៊ុក ម៉ាការា
245 _aAnnual Report 2016, របាយការណ៍ប្រចាំឆ្នាំ២០១៦
260 _aPHNOM PENH
_bRUA
_c2016
300 _av,
_bill,
_c29cm,
942 _cREC
999 _c25178
_d25178